[Event "Women's Speed Chess Q2"]
[Site "chess.com INT"]
[Date "2021.05.29"]
[Round "6"]
[White "Makhija, Aashna"]
[Black "Khalafova, Narmin"]
[Result "0-1"]
[WhiteTitle "WIM"]
[BlackTitle "WGM"]
[WhiteElo "1969"]
[BlackElo "2279"]
[WhiteFideId "25011944"]
[BlackFideId "13402625"]
[EventDate "2021.05.29"]

1. e4 c5 2. Nf3 d6 3. d4 Nf6 4. Nc3 cxd4 5. Nxd4 a6 6. f3 e5 7. Nb3 Be6 8. Be3
h5 9. Qd2 Nbd7 10. O-O-O Rc8 11. Kb1 Be7 12. Nd5 Bxd5 13. exd5 Nb6 14. Qa5 Nc4
15. Qxd8+ Bxd8 16. Bxc4 Rxc4 17. Nd2 Rc8 18. c4 Nd7 19. Rc1 f5 20. f4 e4 21. Bd4
Kf7 22. Nf1 Bf6 23. Bxf6 Kxf6 24. Ne3 Nc5 25. Rc2 a5 26. b3 h4 27. Rf1 Nd3 28.
a3 g6 29. Rd2 b5 30. cxb5 Rc3 31. Ka2 a4 32. bxa4 Nc5 33. Nd1 Rc4 34. a5 Rb8 35.
b6 Ra4 36. Ne3 Rxa5 37. Nc4 Ra4 38. Nxd6 Rxb6 39. Ne8+ Ke7 40. Nc7 Rb3 41. d6+
Kd7 42. Nd5 Raxa3# 0-1

[Event "Women's Speed Chess Q2"]
[Site "chess.com INT"]
[Date "2021.05.29"]
[Round "6"]
[White "Eswaran, Aksithi"]
[Black "Samaganova, Alexandra"]
[Result "0-1"]
[WhiteTitle "WCM"]
[BlackTitle "WFM"]
[WhiteElo "1745"]
[BlackElo "1993"]
[WhiteFideId "2083485"]
[BlackFideId "13800221"]
[EventDate "2021.05.29"]

1. e4 c5 2. Nf3 e6 3. d4 cxd4 4. Nxd4 a6 5. Be3 Qc7 6. Nc3 Nf6 7. Qf3 Nc6 8. Bd3
d6 9. O-O Be7 10. Nxc6 bxc6 11. Qg3 O-O 12. Bh6 Ne8 13. Be3 Rb8 14. f4 Rxb2 15.
f5 Bf6 16. Bd2 d5 17. Qxc7 Nxc7 18. exd5 cxd5 19. fxe6 Bxe6 20. Rab1 Rfb8 21.
Rbe1 Nb5 22. Nxb5 axb5 23. Bf4 Rc8 24. Rb1 Rxa2 25. Rxb5 h6 26. Rfb1 g5 27. Bg3
Kg7 28. Rb8 Rxb8 29. Rxb8 Bd4+ 30. Kf1 Ra1+ 31. Ke2 Bg4+ 32. Kd2 Rd1# 0-1

[Event "Women's Speed Chess Q2"]
[Site "chess.com INT"]
[Date "2021.05.29"]
[Round "6"]
[White "Kulkarni, Bhakti"]
[Black "Tokhirjonova, Gulrukhbegim"]
[Result "1-0"]
[WhiteTitle "IM"]
[BlackTitle "WGM"]
[WhiteElo "2391"]
[BlackElo "2350"]
[WhiteFideId "5019516"]
[BlackFideId "14203626"]
[EventDate "2021.05.29"]

1. d4 Nf6 2. Nf3 e6 3. e3 b6 4. Bd3 Bb7 5. O-O c5 6. c4 d6 7. Nc3 Nbd7 8. b3 Be7
9. Bb2 O-O 10. d5 exd5 11. cxd5 Ne5 12. Be2 Re8 13. Nxe5 dxe5 14. e4 a6 15. a4
Bd6 16. Qd3 Qc7 17. g3 Rad8 18. Rac1 Bc8 19. Nb1 Qe7 20. Nd2 Nd7 21. Nc4 f6 22.
Bg4 Rf8 23. Be6+ Kh8 24. Bxd7 Bxd7 25. Nxb6 Bh3 26. Rfe1 a5 27. Nc4 Bc7 28. Ba3
f5 29. Ne3 fxe4 30. Qxe4 Bd6 31. Nc4 Qf7 32. Re2 Bf5 33. Nxd6 Rxd6 34. Qxe5 Rxd5
35. Qf4 g5 36. Qe3 h6 37. Bxc5 Rd3 38. Qe5+ Kh7 39. Bxf8 Qxf8 40. Rc7+ Kg6 41.
Rc6+ Kh5 42. Rf6 Rd1+ 43. Kg2 Qa8+ 44. f3 Qa7 45. Qe8+ 1-0

[Event "Women's Speed Chess Q2"]
[Site "chess.com INT"]
[Date "2021.05.29"]
[Round "6"]
[White "Varshini, V"]
[Black "Bodnaruk, Anastasia"]
[Result "0-1"]
[WhiteTitle "WGM"]
[BlackTitle "IM"]
[WhiteElo "2226"]
[BlackElo "2457"]
[WhiteFideId "5091241"]
[BlackFideId "4181751"]
[EventDate "2021.05.29"]

1. e4 c5 2. Nc3 d6 3. Nge2 Nf6 4. d3 g6 5. g3 Bg7 6. Bg2 Nc6 7. O-O O-O 8. f4
Ne8 9. h3 Nd4 10. g4 Rb8 11. Ng3 b5 12. f5 Nc7 13. g5 b4 14. Nce2 d5 15. Nxd4
Bxd4+ 16. Kh1 dxe4 17. dxe4 Bb7 18. Bf4 Rc8 19. Qc1 Nb5 20. Rd1 Qb6 21. h4 c4
22. Rb1 c3 23. b3 Rfd8 24. Ra1 Bf2 25. Rxd8+ Rxd8 26. Qf1 Rd2 27. Bxd2 cxd2 28.
Ne2 Be1 29. Rxe1 dxe1=Q 30. Qxe1 Qe3 31. Qd1 Nd6 32. f6 Bxe4 33. Bxe4 Qxe4+ 34.
Kg1 Kf8 35. fxe7+ Kxe7 36. Qd2 Qg4+ 37. Kf1 Qxh4 0-1

[Event "Women's Speed Chess Q2"]
[Site "chess.com INT"]
[Date "2021.05.29"]
[Round "6"]
[White "Morris-Suzuki, Sophie"]
[Black "Klinova, Masha"]
[Result "1-0"]
[WhiteTitle "WFM"]
[BlackTitle "IM"]
[WhiteElo "2043"]
[BlackElo "2275"]
[WhiteFideId "30922615"]
[BlackFideId "2802015"]
[EventDate "2021.05.29"]

1. e4 d6 2. d4 Nf6 3. Nc3 g6 4. f4 Bg7 5. Bc4 O-O 6. Qe2 c5 7. dxc5 dxc5 8. e5
Nfd7 9. Nf3 Nb6 10. Bd3 Nc6 11. Be3 Nd4 12. Bxd4 cxd4 13. Ne4 Nd5 14. g3 Bg4 15.
h3 Bxf3 16. Qxf3 Qa5+ 17. Kf2 Rad8 18. h4 f6 19. e6 f5 20. Ng5 Qd2+ 21. Qe2 Qe3+
22. Qxe3 dxe3+ 23. Kf3 Bxb2 24. Rab1 Bf6 25. Rxb7 a5 26. h5 Bxg5 27. fxg5 Rd6
28. Bc4 f4 29. g4 Nb6 30. Bd3 Rxe6 31. Rb1 Nd5 32. Bc4 Rd6 33. Rxe7 Rc8 34. Rbb7
e2 35. Rxe2 gxh5 36. gxh5 Kf8 37. Bd3 Ne3 38. Kxf4 Nd5+ 39. Kg4 Nb4 40. Rf2+ Ke8
41. Rxh7 Nxd3 42. cxd3 Rd4+ 43. Rf4 Rxf4+ 44. Kxf4 Rd8 45. Rh8+ 1-0

[Event "Women's Speed Chess Q2"]
[Site "chess.com INT"]
[Date "2021.05.29"]
[Round "6"]
[White "Soumya, Swaminathan"]
[Black "Antonova, Nadezhda"]
[Result "0-1"]
[WhiteTitle "IM"]
[BlackTitle "WFM"]
[WhiteElo "2351"]
[BlackElo "1877"]
[WhiteFideId "5016193"]
[BlackFideId "14700182"]
[EventDate "2021.05.29"]

1. d4 Nf6 2. c4 g6 3. Nc3 Bg7 4. e4 d6 5. Nf3 O-O 6. Be2 e5 7. d5 a5 8. Bg5 Nbd7
9. Nd2 h6 10. Be3 Ne8 11. g4 Nc5 12. h4 b6 13. Qc2 Bd7 14. b3 c6 15. dxc6 Bxc6
16. Nd5 Bxd5 17. cxd5 Rc8 18. Qb2 f5 19. gxf5 gxf5 20. f3 Nf6 21. Bxc5 Rxc5 22.
Rc1 Nh5 23. Rxc5 bxc5 24. Nf1 Bf6 25. exf5 Nf4 26. Bc4 Kh8 27. Qh2 a4 28. Ne3 h5
29. Qg3 Rg8 30. Qh2 axb3 31. axb3 Qa5+ 32. Qd2 Qa1+ 33. Qd1 Qb2 34. Qc2 Ng2+ 35.
Kd2 Qd4+ 36. Qd3 Nxe3 37. Qxd4 exd4 0-1

[Event "Women's Speed Chess Q2"]
[Site "chess.com INT"]
[Date "2021.05.29"]
[Round "6"]
[White "Mrudul, Dehankar"]
[Black "Pham, Le Thao Nguyen"]
[Result "1-0"]
[WhiteTitle "WIM"]
[BlackTitle "IM"]
[WhiteElo "2256"]
[BlackElo "2369"]
[WhiteFideId "25096990"]
[BlackFideId "12401226"]
[EventDate "2021.05.29"]

1. e4 c6 2. d4 d5 3. Nd2 dxe4 4. Nxe4 Nf6 5. Nxf6+ exf6 6. Nf3 Bd6 7. Bd3 O-O 8.
O-O Nd7 9. Re1 Re8 10. Rxe8+ Qxe8 11. Be3 Nf8 12. c4 Be6 13. Qc2 Qd7 14. Nd2 f5
15. Nf3 g6 16. Bh6 Qc7 17. Qc3 Bf4 18. Bxf4 Qxf4 19. Rd1 Rd8 20. h3 Nd7 21. Bc2
Nb6 22. Ne5 f6 23. Nd3 Qc7 24. d5 cxd5 25. Qxf6 Qf7 26. Qxd8+ Kg7 27. cxd5 Bxd5
28. Ne5 Qe6 29. Qc7+ Kh6 30. Nd3 Bc6 31. Qf4+ g5 32. Qd4 Nc4 33. Re1 Qg6 34.
Qxc4 1-0

[Event "Women's Speed Chess Q2"]
[Site "chess.com INT"]
[Date "2021.05.29"]
[Round "6"]
[White "Ambartsumova, Karina"]
[Black "Atalik, Ekaterina"]
[Result "1-0"]
[WhiteTitle "IM"]
[BlackTitle "IM"]
[WhiteElo "2382"]
[BlackElo "2430"]
[WhiteFideId "4166299"]
[BlackFideId "4130189"]
[EventDate "2021.05.29"]

1. c4 e5 2. Nc3 Nf6 3. Nf3 Nc6 4. a3 Be7 5. b4 d6 6. d3 O-O 7. e3 Bg4 8. Be2 Qd7
9. O-O Rfe8 10. Bb2 Rad8 11. h3 Bh5 12. Rc1 Bf8 13. b5 Bxf3 14. Bxf3 Na5 15. a4
c6 16. Qc2 d5 17. cxd5 cxd5 18. Rfd1 Rc8 19. Qb1 Nb3 20. Rc2 d4 21. Ne4 Nxe4 22.
dxe4 Bc5 23. Qa2 Qe6 24. Bg4 Qb6 25. Qxb3 dxe3 26. Bxc8 exf2+ 27. Kh1 Rxc8 28.
Ba3 g6 29. Bxc5 Rxc5 30. Rxf2 Rc7 31. Qf3 Kg7 32. Rdf1 Qe6 33. Qf6+ Qxf6 34.
Rxf6 h5 35. Rd6 h4 36. Rd5 f6 37. Rd6 Rc4 38. Rdxf6 Rxe4 39. Rf7+ Kh6 40. a5 Ra4
41. Rxb7 Rxa5 42. Rff7 Kg5 43. Kh2 e4 44. Rbe7 Rxb5 45. Rxe4 a5 46. Rg4+ Kh5 47.
Rh7# 1-0

[Event "Women's Speed Chess Q2"]
[Site "chess.com INT"]
[Date "2021.05.29"]
[Round "6"]
[White "Martynkova, Olena"]
[Black "Singgih, Diajeng Theresa"]
[Result "1-0"]
[WhiteTitle "WIM"]
[BlackTitle "WFM"]
[WhiteElo "2195"]
[BlackElo "1972"]
[WhiteFideId "14134039"]
[BlackFideId "7104391"]
[EventDate "2021.05.29"]

1. e4 e5 2. Nf3 Nc6 3. Bc4 Bc5 4. d3 Nf6 5. O-O d6 6. c3 Bb6 7. h3 O-O 8. Nbd2
Be6 9. a4 a6 10. b4 d5 11. exd5 Nxd5 12. Ne4 h6 13. Re1 f5 14. Neg5 hxg5 15.
Nxg5 Qd6 16. Qh5 Nf6 17. Bxe6+ Qxe6 18. Nxe6 Nxh5 19. Nxf8 Rxf8 20. Be3 Bxe3 21.
Rxe3 Nf4 22. b5 Nd5 23. bxc6 Nxe3 24. fxe3 bxc6 25. Rb1 Rd8 26. d4 exd4 27. cxd4
Rd5 28. Rc1 Ra5 29. Rxc6 Rxa4 30. Rxc7 Ra2 31. Kh2 a5 32. Kg3 a4 33. Ra7 a3 34.
Kf3 Ra1 35. Kf4 a2 36. Ke5 f4 37. e4 Kh7 38. d5 Kh6 39. d6 g5 40. Ra6 Kh5 41.
Ke6 Kh4 42. d7 Rd1 43. Rxa2 Kg3 44. Ra5 Kxg2 45. Rxg5+ Kxh3 46. Rd5 1-0

[Event "Women's Speed Chess Q2"]
[Site "chess.com INT"]
[Date "2021.05.29"]
[Round "6"]
[White "Rakshitta, Ravi"]
[Black "Belenkaya, Dina"]
[Result "0-1"]
[WhiteTitle "WIM"]
[BlackTitle "WGM"]
[WhiteElo "2190"]
[BlackElo "2304"]
[WhiteFideId "25073230"]
[BlackFideId "24142654"]
[EventDate "2021.05.29"]

1. e4 d5 2. exd5 Qxd5 3. Nc3 Qe5+ 4. Be2 c6 5. Nf3 Qc7 6. O-O Nf6 7. d4 Bf5 8.
Ne5 e6 9. Bf4 Bd6 10. Bg3 O-O 11. Bd3 Bxd3 12. Qxd3 Nbd7 13. Rfe1 Rad8 14. Qf3
a5 15. Rad1 Nb6 16. Bh4 Be7 17. Ne4 Nxe4 18. Rxe4 c5 19. Bg3 Bd6 20. Rg4 f6 21.
dxc5 fxe5 22. cxb6 Qxc2 23. Qd3 Qxb2 24. h3 Be7 25. Qc4 Rxd1+ 26. Kh2 Qxb6 27.
Bxe5 Bf6 28. Bxf6 Rxf6 29. Qc8+ Rd8 30. Qc3 Qd6+ 31. Kg1 Kf7 32. Re4 Qd1+ 33.
Kh2 Qd6+ 34. g3 e5 35. Re3 Qd5 36. Qc2 Rd7 37. Qxh7 Rxf2+ 38. Kg1 Qg2# 0-1

[Event "Women's Speed Chess Q2"]
[Site "chess.com INT"]
[Date "2021.05.29"]
[Round "6"]
[White "Dauletova, Gulmira"]
[Black "Zaichenko, Daria"]
[Result "1-0"]
[WhiteTitle "WGM"]
[BlackTitle "WFM"]
[WhiteElo "2285"]
[BlackElo "2104"]
[WhiteFideId "13702971"]
[BlackFideId "4197453"]
[EventDate "2021.05.29"]

1. e4 c5 2. Nf3 Nc6 3. d4 cxd4 4. Nxd4 Nf6 5. Nc3 d6 6. f3 e5 7. Nb3 Be6 8. Be3
Be7 9. Qd2 O-O 10. Nd5 Bxd5 11. exd5 Nb8 12. g4 Nbd7 13. g5 Nh5 14. h4 Ng3 15.
Rg1 Nxf1 16. Rxf1 f5 17. f4 exf4 18. Bxf4 Ne5 19. O-O-O Rc8 20. Kb1 Qb6 21. Qe2
Rce8 22. Nd4 Bd8 23. Ne6 Ng4 24. Qf3 Rf7 25. Qg3 Qb4 26. Bxd6 Qa4 27. h5 Bb6 28.
g6 Rd7 29. gxh7+ Kh8 30. Bf4 Qc4 31. b3 Qe4 32. Rfe1 Qb4 33. Bd2 Qa3 34. Bc1 Qa6
35. Bb2 Bf2 36. Qf3 Bxe1 37. Rxe1 Rf7 38. Qf4 Qa5 39. Rg1 1-0

[Event "Women's Speed Chess Q2"]
[Site "chess.com INT"]
[Date "2021.05.29"]
[Round "6"]
[White "Marjanovic, Annamaria"]
[Black "Li, Xueyi"]
[Result "0-1"]
[WhiteTitle "WGM"]
[BlackTitle "WGM"]
[WhiteElo "2338"]
[BlackElo "2328"]
[WhiteFideId "750930"]
[BlackFideId "8605912"]
[EventDate "2021.05.29"]

1. c4 Nf6 2. g3 c6 3. Bg2 d5 4. Nf3 Bf5 5. Qb3 Bc8 6. d3 e6 7. O-O g6 8. Nc3 Bg7
9. e4 O-O 10. Bg5 dxc4 11. dxc4 h6 12. Be3 Qe7 13. h3 c5 14. e5 Nfd7 15. Ne4 Nc6
16. Nf6+ Nxf6 17. exf6 Qxf6 18. Bxc5 Re8 19. Rab1 b6 20. Be3 Bb7 21. Nd2 Na5 22.
Qb5 Bxg2 23. Kxg2 Nb7 24. b4 Nd6 25. Qc6 Rad8 26. Ne4 Nxe4 27. Qxe4 h5 28. c5
bxc5 29. bxc5 Qe7 30. h4 f5 31. Qc4 Kh8 32. Bg5 Bf6 33. Bxf6+ Qxf6 34. c6 Rc8
35. Rfc1 e5 36. Rb7 Rf8 37. Rd7 f4 38. gxf4 Qxh4 39. Qe6 Qxf4 40. Qe7 Qxf2+ 41.
Kh1 Qf3+ 42. Kg1 Qe3+ 43. Kh1 Qxc1+ 44. Kh2 Rf2+ 45. Kh3 Qh1+ 46. Kg3 Qg1+ 47.
Kh4 Rh2# 0-1

[Event "Women's Speed Chess Q2"]
[Site "chess.com INT"]
[Date "2021.05.29"]
[Round "6"]
[White "Nguyen, Thi Mai Hung"]
[Black "Secopito, Catherine"]
[Result "1-0"]
[WhiteTitle "WGM"]
[BlackTitle "WIM"]
[WhiteElo "2254"]
[BlackElo "2075"]
[WhiteFideId "12401676"]
[BlackFideId "5202744"]
[EventDate "2021.05.29"]

1. d4 d5 2. Nf3 Nf6 3. Bf4 e6 4. e3 Bd6 5. Bg3 O-O 6. Nbd2 c5 7. c3 b6 8. Bd3
Bb7 9. Ne5 Nc6 10. Qb1 Ne7 11. O-O c4 12. Bc2 b5 13. a3 a5 14. f4 b4 15. axb4
axb4 16. Rxa8 Qxa8 17. Qd1 b3 18. Bb1 Qa1 19. Qc1 Qa7 20. Qe1 Ra8 21. Bh4 Ng6
22. g4 Bxe5 23. fxe5 Nxg4 24. Bg5 Bc6 25. Qg3 Nh6 26. Bxh6 gxh6 27. h4 h5 28.
Nf3 Qe7 29. Ng5 Rf8 30. Qf3 h6 31. Bxg6 hxg5 32. Bxh5 Kg7 33. Qg4 Be8 34. hxg5
Rh8 35. Rf6 Qa7 36. Rf1 Qa2 37. Qe2 1-0

[Event "Women's Speed Chess Q2"]
[Site "chess.com INT"]
[Date "2021.05.29"]
[Round "6"]
[White "Grigoryan, Meri"]
[Black "Ribeiro, Regina"]
[Result "1-0"]
[WhiteTitle "WFM"]
[BlackTitle "WIM"]
[WhiteElo "2044"]
[BlackElo "1920"]
[WhiteFideId "13300571"]
[BlackFideId "2100681"]
[EventDate "2021.05.29"]

1. d4 Nf6 2. c4 d6 3. Nc3 e5 4. dxe5 dxe5 5. Qxd8+ Kxd8 6. Bg5 c6 7. O-O-O+ Kc7
8. Nf3 Nbd7 9. e3 Ng4 10. Bh4 f6 11. Bg3 Nh6 12. Nd4 Nc5 13. b4 Ne6 14. Be2 Bxb4
15. Ne4 Rd8 16. Kc2 Nxd4+ 17. exd4 Nf5 18. dxe5 Nxg3 19. hxg3 f5 20. Nd6 Bxd6
21. exd6+ Rxd6 22. Rxd6 Kxd6 23. Rxh7 f4 24. Bd3 fxg3 25. fxg3 Bd7 26. Rxg7 Rf8
27. Kc3 Rf2 28. Rg6+ Kc5 29. Rg5+ Kb6 30. Rg7 Be6 31. a4 Rxg2 32. Be4 Bc8 33.
Bxg2 a5 34. g4 Be6 35. g5 Kc5 36. Re7 Bxc4 37. g6 Bg8 38. g7 b5 39. Bh3 Bh7 40.
Be6 b4+ 41. Kb3 1-0

[Event "Women's Speed Chess Q2"]
[Site "chess.com INT"]
[Date "2021.05.29"]
[Round "6"]
[White "Arakhamia-Grant, Ketevan"]
[Black "Fernandez, Maria Florencia"]
[Result "1-0"]
[WhiteTitle "GM"]
[BlackTitle "WIM"]
[WhiteElo "2380"]
[BlackElo "2229"]
[WhiteFideId "13600168"]
[BlackFideId "116459"]
[EventDate "2021.05.29"]

1. e4 c5 2. Nf3 d6 3. Bb5+ Nd7 4. O-O Nf6 5. Re1 a6 6. Bf1 g6 7. c3 Bg7 8. d4
cxd4 9. cxd4 O-O 10. Nc3 e5 11. d5 h6 12. a4 Ne8 13. Nd2 f5 14. f3 Nef6 15. Nc4
Qe7 16. Be3 f4 17. Bf2 g5 18. Rc1 h5 19. a5 g4 20. Bh4 Rf7 21. Kh1 Bf8 22. Na4
Rb8 23. Ncb6 Nxb6 24. Nxb6 Bd7 25. Rc7 Rd8 26. Qc2 Qe8 27. Rc1 Be7 28. Bxf6 Bxf6
29. Nxd7 Rfxd7 30. b4 gxf3 31. gxf3 Bh4 32. Bh3 Rxc7 33. Qxc7 Be7 34. Rg1+ Kh8
35. Be6 Qb5 36. Qxe7 Qe2 37. Qg7# 1-0

[Event "Women's Speed Chess Q2"]
[Site "chess.com INT"]
[Date "2021.05.29"]
[Round "6"]
[White "Dworakowska, Joanna"]
[Black "Balabayeva, Xeniya"]
[Result "1-0"]
[WhiteTitle "IM"]
[BlackTitle "WFM"]
[WhiteElo "2322"]
[BlackElo "2178"]
[WhiteFideId "1107445"]
[BlackFideId "13719688"]
[EventDate "2021.05.29"]

1. e4 c6 2. Nc3 d5 3. Nf3 d4 4. Ne2 c5 5. Ng3 Nc6 6. Bc4 g6 7. a4 Bg7 8. d3 Bg4
9. Bxf7+ Kxf7 10. Ng5+ Ke8 11. Qxg4 Nf6 12. Qe6 Rf8 13. Qc4 Qd6 14. O-O Nd7 15.
Nxh7 Rh8 16. Ng5 Nde5 17. Qe6 Bf6 18. f4 Bxg5 19. Qxd6 exd6 20. fxg5 Ke7 21. Bd2
Raf8 22. Ne2 Kd7 23. h3 Ne7 24. Rf6 Rxf6 25. gxf6 N7c6 26. Rf1 Ke6 27. Rf2 Kf7
28. Kf1 Re8 29. Ke1 c4 30. Nc1 cxd3 31. cxd3 Nd7 32. Kd1 Nc5 33. a5 Nd7 34. g4
Re5 35. h4 Rb5 36. Kc2 Nxa5 37. g5 Nc6 38. Rh2 Nce5 39. h5 Rc5+ 40. Kd1 Nf8 41.
hxg6+ Nexg6 42. Ne2 Rb5 43. Bc1 Ne6 44. Rh7+ Kf8 45. Rd7 Ke8 46. Rxd6 Nc5 47.
Rxd4 Rb6 48. Rc4 Rc6 49. Nd4 Rd6 50. Kc2 1-0

[Event "Women's Speed Chess Q2"]
[Site "chess.com INT"]
[Date "2021.05.29"]
[Round "6"]
[White "Golubenko, Valentina"]
[Black "Swati, Mohota"]
[Result "1-0"]
[WhiteTitle "WGM"]
[BlackTitle "WFM"]
[WhiteElo "2209"]
[BlackElo "2027"]
[WhiteFideId "4501993"]
[BlackFideId "5006511"]
[EventDate "2021.05.29"]

1. d4 d5 2. g3 f6 3. Bg2 Kf7 4. c4 g6 5. Bxd5+ e6 6. Bg2 Bg7 7. Nf3 Ne7 8. O-O
c6 9. Nc3 Nd7 10. e4 Nb6 11. c5 Nd7 12. Re1 e5 13. d5 Nxc5 14. Be3 b6 15. b4 Na6
16. d6 Ng8 17. b5 cxb5 18. Nxb5 Be6 19. Rc1 Nh6 20. Nc7 Nxc7 21. Rxc7+ Kg8 22.
Qc1 Nf7 23. Rd1 Rc8 24. Rxc8 Bxc8 25. d7 Bb7 26. Qc4 h5 27. Bh3 Kf8 28. Qb4+ Kg8
29. Be6 Bh6 30. Bxh6 Rxh6 31. Qc4 Rh7 32. Rc1 Kf8 33. Nh4 Rg7 34. Nxg6+ Rxg6 35.
Bxf7 Rh6 36. Be6 Kg7 37. Qc7 Rh8 38. Bf5 Rf8 39. Qd6 Rf7 40. Rc7 Ba6 41. Rxa7
Bc4 42. Rc7 b5 43. Rc8 Qe7 44. Qxe7 Rxe7 45. d8=Q Bf7 46. Qh8# 1-0

[Event "Women's Speed Chess Q2"]
[Site "chess.com INT"]
[Date "2021.05.29"]
[Round "6"]
[White "Sargsyan, Anna M."]
[Black "Mendoza, Shania Mae"]
[Result "0-1"]
[WhiteTitle "WGM"]
[BlackTitle "WFM"]
[WhiteElo "2385"]
[BlackElo "2158"]
[WhiteFideId "13308130"]
[BlackFideId "5211158"]
[EventDate "2021.05.29"]

1. d4 d5 2. c4 c6 3. Nc3 Nf6 4. Nf3 e6 5. e3 Be7 6. Bd3 dxc4 7. Bxc4 b5 8. Bd3
a6 9. Qc2 Nbd7 10. e4 c5 11. e5 Nd5 12. Nxd5 exd5 13. O-O c4 14. Bf5 Nf8 15. Re1
Bxf5 16. Qxf5 Ne6 17. Be3 O-O 18. Qg4 Kh8 19. Nd2 g6 20. f4 Ng7 21. Qf3 f5 22.
exf6 Bxf6 23. Re2 Nf5 24. Qf2 Qb6 25. Nf3 Rae8 26. Rd1 b4 27. g3 a5 28. Ne5 Bxe5
29. dxe5 Nxe3 30. Qxe3 Qxe3+ 31. Rxe3 Rd8 32. Rd4 Rfe8 33. Re1 Re7 34. Red1 Red7
35. Kf2 Kg7 36. Ke3 Kf7 37. Kd2 Ke6 38. Kc2 a4 39. a3 bxa3 40. bxa3 Rb8 41. g4
Rb3 42. R4d2 Rxa3 43. Kb2 Rb3+ 44. Ka2 Rf3 45. Rd4 Rf2+ 46. Ka3 Rxh2 47. Kxa4
Rb2 48. Ka3 Rb5 49. Ka4 Rb3 50. Rxd5 Rxd5 51. f5+ Kxe5 52. Rxd5+ Kxd5 53. f6 Ke6
54. f7 Kxf7 0-1

[Event "Women's Speed Chess Q2"]
[Site "chess.com INT"]
[Date "2021.05.29"]
[Round "6"]
[White "Osmak, Iulija"]
[Black "Nikolova, Adriana"]
[Result "1-0"]
[WhiteTitle "IM"]
[BlackTitle "WGM"]
[WhiteElo "2425"]
[BlackElo "2243"]
[WhiteFideId "14101602"]
[BlackFideId "2908689"]
[EventDate "2021.05.29"]

1. e4 c6 2. d4 d5 3. e5 Bf5 4. Nf3 e6 5. Be2 Nd7 6. c3 Ne7 7. O-O h6 8. Na3 Bh7
9. Nc2 g5 10. Ne3 Bg7 11. Ne1 O-O 12. Bd3 Bxd3 13. Nxd3 c5 14. dxc5 Qc7 15. b4
Nxe5 16. Rb1 N7g6 17. g3 f5 18. Nxe5 Nxe5 19. f4 Ng6 20. fxg5 hxg5 21. Ng2 f4
22. Qg4 fxg3 23. Qxe6+ Kh7 24. Qh3+ Kg8 25. Rxf8+ Rxf8 26. hxg3 Bxc3 27. Bxg5
Bd4+ 28. Kh2 Ne5 29. Qe6+ Qf7 30. Qxf7+ Rxf7 31. Kh3 Nf3 32. Bf4 Ng1+ 33. Kg4
Rg7+ 34. Kf5 Ne2 35. Rd1 Rf7+ 36. Ke6 Bf2 37. Rxd5 Nc3 38. Rd8+ Kg7 39. Be5+ Kg6
40. Bxc3 Rf3 41. Nh4+ Kg5 42. Nxf3+ Kg4 43. Ne5+ Kxg3 44. Rd7 Kg2 45. Rxb7 Kf1
46. Rxa7 Ke2 47. Rb7 Be3 48. c6 Kd1 49. c7 Bc1 50. c8=Q Kc2 51. Bd4+ Kb1 52. Qc3
Ba3 53. Qb3+ Kc1 54. Qxa3+ Kd2 55. Qc3+ Ke2 56. Qe3+ Kf1 57. Qf2# 1-0

[Event "Women's Speed Chess Q2"]
[Site "chess.com INT"]
[Date "2021.05.29"]
[Round "6"]
[White "Serikbay, Assel"]
[Black "Obregon Garcia, Roxangel"]
[Result "1-0"]
[WhiteTitle "WIM"]
[BlackTitle "WIM"]
[WhiteElo "2228"]
[BlackElo "2167"]
[WhiteFideId "13706799"]
[BlackFideId "3520420"]
[EventDate "2021.05.29"]

1. d4 d5 2. Nf3 Nf6 3. c4 c6 4. g3 e6 5. Bg2 Nbd7 6. O-O Bd6 7. Qc2 O-O 8. Nbd2
Re8 9. e4 dxe4 10. Nxe4 Nxe4 11. Qxe4 Nf6 12. Qc2 h6 13. Rd1 Qe7 14. b3 Nd7 15.
Bb2 e5 16. dxe5 Nxe5 17. Qc3 Bg4 18. Rxd6 Qxd6 19. Nxe5 Bf5 20. Nxf7 Qg6 21. Ne5
Qf6 22. Nf3 Qxc3 23. Bxc3 Rad8 24. Nd4 Bg6 25. h4 Be4 26. Re1 c5 27. Rxe4 Rxe4
28. Bxe4 cxd4 29. Bd2 Kf7 30. Bxb7 Ke6 31. Bd5+ Kf5 32. Kg2 Re8 33. Kf3 d3 34.
g4+ Ke5 35. Ke3 Rf8 36. f3 Re8 37. Kxd3 Kd6 38. Bc3 g5 39. hxg5 hxg5 40. Bd2 Rg8
41. Bxg8 1-0

[Event "Women's Speed Chess Q2"]
[Site "chess.com INT"]
[Date "2021.05.29"]
[Round "6"]
[White "Agrest, Inna"]
[Black "Golubeva, Oksana"]
[Result "1-0"]
[WhiteTitle "WIM"]
[BlackTitle "WFM"]
[WhiteElo "2285"]
[BlackElo "2179"]
[WhiteFideId "1708830"]
[BlackFideId "4170164"]
[EventDate "2021.05.29"]

1. e4 e6 2. d4 d5 3. Nc3 Bb4 4. a3 Be7 5. Nf3 Nf6 6. Bg5 dxe4 7. Bxf6 exf3 8.
Bxe7 fxg2 9. Bxg2 Qxe7 10. Qg4 O-O 11. O-O-O Nd7 12. Rhg1 Nf6 13. Qg3 Nh5 14.
Qe5 g6 15. Bxb7 Bxb7 16. Qxh5 Qf6 17. Qh6 Rad8 18. Rg4 Bf3 19. Rf4 Qg7 20. Qxg7+
Kxg7 21. Rxf3 c6 22. Ne4 Rd7 23. c3 Rb8 24. Nc5 Rd5 25. c4 Rh5 26. h3 Rd8 27.
Kc2 Rh4 28. Rfd3 Rf4 29. R1d2 h5 30. Kc3 Rf5 31. b4 g5 32. Re2 Kg6 33. Rg3 Rf4
34. Ne4 f6 35. Nc5 Rdxd4 36. Nxe6 Rxc4+ 37. Kb3 Rfe4 38. Rxe4 Rxe4 39. Nc5 Re2
40. Rf3 g4 41. hxg4 hxg4 42. Rf4 Kg5 43. Rd4 Rxf2 44. Ne4+ Kf4 45. Nxf2+ Ke3 46.
Rxg4 f5 47. Rg2 Kf3 48. Rh2 Kg3 49. Rh5 f4 50. Nd3 f3 51. Rc5 Kg4 52. Rxc6 1-0

[Event "Women's Speed Chess Q2"]
[Site "chess.com INT"]
[Date "2021.05.29"]
[Round "6"]
[White "Antolak, Julia"]
[Black "Shuvalova, Polina"]
[Result "0-1"]
[WhiteTitle "WIM"]
[BlackTitle "IM"]
[WhiteElo "2306"]
[BlackElo "2484"]
[WhiteFideId "1159569"]
[BlackFideId "24171760"]
[EventDate "2021.05.29"]

1. e4 c5 2. Nf3 d6 3. d4 cxd4 4. Nxd4 Nf6 5. Nc3 a6 6. Nb3 g6 7. Be2 Bg7 8. Be3
O-O 9. h4 h5 10. f3 b5 11. Qd2 b4 12. Nd5 Nbd7 13. O-O-O a5 14. Kb1 Ba6 15. Bxa6
Rxa6 16. Nc1 Nxd5 17. exd5 Ne5 18. Bd4 Qa8 19. f4 Ng4 20. Bxg7 Kxg7 21. f5 a4
22. Qxb4 a3 23. Qd4+ Kh7 24. b3 gxf5 25. Rhe1 Qb7 26. Qf4 Qc8 27. Rxe7 Nf6 28.
Re3 Rg8 29. Rf1 Nxd5 30. Qf3 Nxe3 31. Qxh5+ Kg7 32. Qg5+ Kf8 33. Qh6+ Rg7 34.
Qh8+ Rg8 35. Qh6+ Ke7 36. Qxe3+ Kd8 37. Qd3 Rc6 38. c4 Rxg2 39. Ne2 Rg4 40. Nd4
Rc5 41. Nxf5 Qe6 42. Nxd6 Kc7 43. Rxf7+ Kc6 0-1